00782nam a2200229 a 4500999001100000003000900011005001700020008004100037020002700078020003000105040001000135100002100145245004100166250002200207260007400229300002100303650002200324650002400346856006400370942001200434952010600446 c19d19PK-NaQUE20250911112015.0250123b ||||| |||| 00| 0 eng d a0471859354 (paperback) a9780471859352 (paperback) cQUEST1 aBoehm, Robert F.10aDesign Analysis of Thermal Systems / aInternational Ed. a[S.l.] :bSomerset, New Jersey, U.S.A.: John Wiley & Sons Inc,c1987. a1 v. (unpaged) ; aHeat engineering  aEngineering design 40uhttp://10.10.170.122:8080/browse/book/24902yDownload eBook cBK2ddc 001040708REFaREFbREFd2014-04-22g291.55l0oBOE (Sheift - 63B)p16501r2014-04-22 00:00:00yBK